Mostra del Poliziano nella Biblioteca Medicea Laurenziana : manoscritti, libri rari, autografi e documenti : Firenze, 23 settembre-30 novembre 1954 : catalogo /
Guardat en:
| Autor corporatiu: | , |
|---|---|
| Altres autors: | , , |
| Format: | Llibre |
| Idioma: | italià |
| Publicat: |
Firenze :
G. C. Sansoni,
stampa 1955
|
| Matèries: | |
| Etiquetes: |
Sense etiquetes, Sigues el primer a etiquetar aquest registre!
|
MARC
| LEADER | 00000nam a22000007i 4500 | ||
|---|---|---|---|
| 001 | IT\ICCU\MIL\0045233 | ||
| 003 | ItRI | ||
| 005 | 20260115232233.0 | ||
| 008 | 910326s1955 it |||||| ||||| |||||c | ||
| 015 | |2 IT |a 1955 1285 | ||
| 024 | 7 | 0 | |a 400373 |2 cubi |
| 040 | |b ita |c importazione bologna sebina | ||
| 041 | 7 | |a ita |2 ISO-639-2 | |
| 130 | 0 | |a Mostra del Poliziano nella Biblioteca Medicea Laurenziana |3 IT\ICCU\MOD\1749108 | |
| 245 | 0 | 0 | |a Mostra del Poliziano nella Biblioteca Medicea Laurenziana : |b manoscritti, libri rari, autografi e documenti : Firenze, 23 settembre-30 novembre 1954 : catalogo / |c [a cura di Alessandro Perosa]. |
| 260 | |a Firenze : |b G. C. Sansoni, |c stampa 1955 | ||
| 300 | |a 201 p., 12 p. di tav. : |b facs. ; |c 22 cm | ||
| 500 | |a In testa al front.: Istituto nazionale di studi sul Rinascimento | ||
| 500 | |a 5. Centenario della nascita di Angelo Poliziano (1454-1954) | ||
| 500 | |a Premessa di Teresa Lodi. | ||
| 650 | 7 | |a Poliziano, Angelo |x Esposizioni bibliografiche |2 scbi | |
| 700 | 1 | |a Perosa, Alessandro |0 IT\ICCU\CFIV\013054 |4 cur | |
| 700 | 1 | |a Poliziano, Angelo |0 IT\ICCU\CFIV\013366 | |
| 700 | 1 | |a Lodi, Teresa |0 IT\ICCU\RAVV\071803 |4 aui | |
| 710 | 2 | |a Biblioteca Medicea Laurenziana |0 IT\ICCU\CFIV\013294 | |
| 710 | 2 | |a Istituto nazionale di studi sul Rinascimento |0 IT\ICCU\CFIV\024077 |4 cur | |
| 790 | 1 | |a Perosa, Alexander |3 IT\ICCU\CFIV\171486 |z Perosa, Alessandro | |
| 790 | 1 | |a Ambrosini, Angelo |3 IT\ICCU\CFIV\191995 |z Poliziano, Angelo | |
| 790 | 1 | |a Politianus, Angelus |3 IT\ICCU\CFIV\200594 |z Poliziano, Angelo | |
| 790 | 1 | |a Ambrogini, Angelo |3 IT\ICCU\MILV\203887 |z Poliziano, Angelo | |
| 790 | 1 | |a Poliziano, Agnolo |3 IT\ICCU\SBNV\014648 |z Poliziano, Angelo | |
| 791 | 2 | |a Bibliothèque Medicea Laurenziana |3 IT\ICCU\CFIV\167611 |z Biblioteca Medicea Laurenziana | |
| 791 | 2 | |a Ministero per i beni e le attività culturali. |b Biblioteca Medicea Laurenziana |3 IT\ICCU\CFIV\221686 |z Biblioteca Medicea Laurenziana | |
| 791 | 2 | |a R. Biblioteca Medicea Laurenziana |3 IT\ICCU\CFIV\224898 |z Biblioteca Medicea Laurenziana | |
| 791 | 2 | |a Libreria Mediceo-Laurenziana |3 IT\ICCU\CFIV\230708 |z Biblioteca Medicea Laurenziana | |
| 791 | 2 | |a Biblioteca Laurenziana (Firenze) |3 IT\ICCU\MILV\225861 |z Biblioteca Medicea Laurenziana | |
| 942 | |2 ddc |c BK |n 0 | ||
| 952 | |0 0 |1 0 |4 0 |6 DOC_851_200000000000000_MOS |7 0 |9 22607 |a BO |b BO |d 2026-01-15 |i 834 |l 0 |o DOC 851.2 MOS |p BO834 |r 2026-01-15 23:22:33 |w 2026-01-15 |x [Sebina 7] [1 v.] |y BK |z 1 v. | ||
| 999 | |c 19306 |d 19306 | ||